书目信息 |
| 题名: |
晶体三极管
|
|
| 作者: | 赵信杜斯博士 著 | |
| 分册: | ||
| 出版信息: | 北京 国防工业出版社 1958 |
|
| 页数: | 78页 | |
| 开本: | 20cm | |
| 丛书名: | ||
| 单 册: | ||
| 中图分类: | TN112 | |
| 科图分类: | ||
| 主题词: | 电子管 | |
| 电子资源: | ||
| ISBN: | ||
| 000 | 00642nam0 2200205 450 | |
| 001 | 0634880077 | |
| 005 | 20061123094430.54 | |
| 010 | @dCNY0.36 | |
| 100 | @a20061123d1958 km y0chiy0120 ea | |
| 101 | 0 | @achi |
| 102 | @aCN@b110000 | |
| 200 | 1 | @a晶体三极管@e一种新型的放大元件@Ajing ti san ji guan@f(西德)赵信杜斯博士著@F(xi de)zhao xin du si bo shi zhu |
| 210 | @a北京@c国防工业出版社@d1958 | |
| 215 | @a78页@d20cm | |
| 517 | 1 | @a一种新型的放大元件@Ayi zhong xin xing de fang da yuan jian |
| 606 | 0 | @a电子管 |
| 690 | @aTN112@v3 | |
| 701 | 0 | @a赵信杜斯博士@Azhao xin du si bo shi@4著 |
| 801 | 0 | @aCN@bPFT@c20061123 |
| 905 | @a10447@dTN112@e9 | |
| 晶体三极管:一种新型的放大元件/(西德)赵信杜斯博士著.-北京:国防工业出版社,1958 |
| 78页;20cm |
| ISBN :CNY0.36 |
| ● |
| 相关链接 |
|
|
|
|
正题名:晶体三极管
索取号:TN112/9
 
预约/预借
| 序号 | 登录号 | 条形码 | 馆藏地/架位号 | 状态 | 备注 |
| 1 | 0016057 | 001348973 | 第二样本阅览室/ [索取号:TN112/9] | 在馆 |